000 00375 a2200157 4500
001 183436
020 _a85-08-04-504-2
040 _cMagnum
100 _aIacocca, Liliana
240 1 0 _aO que fazer? falando de convivĂȘncia
_lpor
245 1 0 _aO que fazer? falando de convivĂȘncia
300 _a
362 0 _a2000
697 _aLITERATURA INFANTO-JUVENIL
942 _cBK
999 _c183436
_d183436